Pokédex Einträge (Gen4) - 3 - Statistiken

Allgemein
  • Dieses Quiz wurde 14 mal gespielt
  • Das Durchschnittsergebnis liegt bei 9 aus 15
Antwortstatistiken
Frage Antwort % Korrekt
Es hat sehr empfindliche Ohren. Fasst man sie zu rau an, wird es mit seinen grazilen Beinen zutreten. Schlapor
93%
Neugierig auf Menschen, versammeln sie sich bei Fußspuren, die sie auf verschneiten Bergen finden. Shnebedeck
93%
Es kann sich in beide Richtungen verteidigen, da der Kopf auf seinem Schweif ein kleines Gehirn besitzt. Girafarig
86%
In seinem Maul befindet sich eine Kugel, die beim Hopsen ein klingelndes Geräusch erzeugt. Klingplim
86%
Seine Zunge ähnelt der eines Menschen. Daher kann es die menschliche Sprache gut nachahmen. Plaudagei
79%
Man findet es oft in der Nähe von Häfen. Rettet dort Menschen, schleppt aber auch Beute fort. Bojelin
64%
Die Umwandlung seiner Beine in Schwingen wirkte sich positiv auf´s Fliegen aus. Das Laufen litt eher. Iksbat
64%
Ist es trainiert, spürt es Auren, um Gefühle entfernter Kreaturen zu erkennen und aufzunehmen. Lucario
64%
Es stärkt seinen Körper, indem es gegen Bäume rennt. In seiner Nähe finden sich viele umgekippte Bäume. Makuhita
64%
In der Dämmerung steigen ganze Schwärme in die Lüfte, verschwinden aber sofort, wenn man sie bemerkt. Drifzepeli
50%
Vor langer Zeit hatte es einen Gesteinpanzer. Mittlerweile sind nur noch Spuren davon vorhanden. Gastrodon
43%
Es bindet sich mit Seide an Äste und trinkt Regenwasser, während es starr auf seine Entwicklung wartet. Schaloko
43%
Dieses PKMN ist bei weiblichen Trainern aufgrund seines Fells beliebt. Enekoro
36%
Von Geburt an trägt dieses wilde Pokémon Knochen. Es setzt sie talentiert als Waffen ein. Knogga
29%
Es zieht Energie aus dem Licht der Sterne. Je mehr Sterne zu sehen sind, desto größer ist sein Muster. Ledian
29%
Keine übereinstimmenden Quizze gefunden
Verteilung der Resultate
Anzahl Personen mit jedem Resultat
Perzentil nach korrekt beantworteten Fragen
Ihre Resultats-Entwicklung
Sie haben dieses Quiz noch nicht gespielt